Carregant...

Marine geophysics /

Dades bibliogràfiques
Autor principal: Jones, E. J. W.
Idioma:Undetermined
Publicat: New York : John Wiley and sons , 1999.
Matèries:
LEADER 00560nam a2200169Ia 4500
001 138807
008 170722s9999 xx 000 0 und d
020 |a 0471986941 
100 |a Jones, E. J. W. 
245 |a Marine geophysics / 
260 |a New York :  |b John Wiley and sons ,  |c 1999. 
300 |a viii+466 
653 |a Marine Geology 
923 |d 20040312  |n WCD2722/03 
942 |c GEN 
999 |c 128657  |d 128657 
952 |0 0  |1 0  |4 0  |6 H_4225_000000000000000_N9  |7 0  |9 181933  |a LIB  |b LIB  |d 2013-03-25  |e Modern Book Centre  |l 1  |o H4225 N9  |p 253154  |r 2018-02-12  |s 2017-12-26  |w 2017-08-12  |y GEN